| Tag |
First Indicator |
Second Indicator |
Subfields |
| LEADER |
00000cam a2200000 4500 |
| 001 |
in00000093319 |
| 005 |
20150927070134.0 |
| 008 |
770902s1953 xx 00000 eng |
| 010 |
|
|
|a 53004028
|
| 035 |
|
|
|a (OCoLC)03238639
|
| 035 |
|
|
|9 AAL5157AM
|
| 040 |
|
|
|a DLC
|c OCP
|d TXA
|d UtOrBLW
|
| 049 |
|
|
|a TXAM
|c [377606]
|
| 050 |
|
0 |
|a TP936.5
|b .A52 1952
|
| 082 |
0 |
|
|a 667.6
|
| 110 |
2 |
|
|a American Society for Testing Materials.
|b Committee D-1 on Paint, Varnish, Lacquer, and Related Products.
|
| 245 |
1 |
0 |
|a Fifty years of paint testing :
|b Committee D-1 /
|c presented at the fifty-fifth annual meeting (fiftieth anniversary meeting) American Society for Testing Materials, New York, N.Y., June 24, 1952.
|
| 264 |
|
1 |
|a Philadelphia :
|b American Society for Testing Materials,
|c [1953]
|
| 300 |
|
|
|a 47 pages :
|b illustrations ;
|c 23 cm.
|
| 336 |
|
|
|a text
|b txt
|2 rdacontent
|
| 337 |
|
|
|a unmediated
|b n
|2 rdamedia
|
| 338 |
|
|
|a volume
|b nc
|2 rdacarrier
|
| 490 |
1 |
|
|a ASTM special technical publication ;
|v no. 147
|
| 650 |
|
0 |
|a Paint
|x Testing.
|
| 830 |
|
0 |
|a ASTM special technical publication ;
|v no. 147.
|
| 999 |
|
|
|a MARS
|
| 999 |
f |
f |
|s 885a5d4a-e58b-315b-a4c8-0e45a39280b4
|i c8ca7064-ba29-30c0-970e-669f7e181fe2
|t 0
|
| 952 |
f |
f |
|p ric
|a Texas A&M University
|b Rellis Campus
|c Joint Library Facility
|d Remote Storage
|t 0
|e TP936.5 .A52 1952
|h Library of Congress classification
|i unmediated -- volume
|m A14805617671
|
| 998 |
f |
f |
|a TP936.5 .A52 1952
|t 0
|l Remote Storage
|